000 01026nam a2200241 a 4500
001 000047342
005 20201002060506.0
008 180504s2004 dr 000 0 spa d
020 _a9945850806
040 _aDO-SdBNP
_bspa
_cBNPHU
082 _a149.3
_bV732r
100 1 _aVillegas Quintero, Efraín.
_92033
245 1 0 _aRevolución integral /
_cEfraín Villegas Quintero ; prólogo Antonio Mosquera Ameneiro.
246 1 4 _aRevolución integral :
_bla mejor revolución sin armas y sin violencia, la revolución de la conciencia.
250 _a6a. ed., amp. y corr.
260 _aSanto Domingo :
_bIrmgard Radefeldt de Villegas,
_c2004.
300 _a440 p. ;
_c24 cm.
590 _aInventariado, 2018/VM
500 _aIncluye datos biográficos del autor en la solapa de la cubierta
500 _a"Lo contrario del amor es el odio, por lo cual nunca odies a nadie para que nunca jamás te alejes de Dios que es amor" V.M. Desoto
650 4 _aOcultismo
_92395
700 1 _aMosquero Ameneiro, Antonio
_epról.
_975005
999 _c46830
_d46830